Deep work: (Record no. 617396)
[ view plain ]
| 000 -LEADER | |
|---|---|
| fixed length control field | 00612nam a2200157 4500 |
| 040 ## - CATALOGING SOURCE | |
| Transcribing agency | NUST |
| 082 ## - DEWEY DECIMAL CLASSIFICATION NUMBER | |
| Classification number | 650.1,NEW |
| 100 ## - MAIN ENTRY--PERSONAL NAME | |
| Personal name | Newport, Cal |
| 9 (RLIN) | 89091 |
| 245 ## - TITLE STATEMENT | |
| Title | Deep work: |
| Remainder of title | Rules for focused in a distracted world / |
| Statement of responsibility, etc. | Cal Newport |
| 260 ## - PUBLICATION, DISTRIBUTION, ETC. | |
| Place of publication, distribution, etc. | US |
| Name of publisher, distributor, etc. | Piarkus |
| Date of publication, distribution, etc. | 2016 |
| 300 ## - PHYSICAL DESCRIPTION | |
| Extent | 296 p.; |
| 505 ## - FORMATTED CONTENTS NOTE | |
| Formatted contents note | Deep Work is Valuable (Page-21), Deep Work is Rare (Page-49), Deep Work is Meaningful (Page-72), Work Deeply (Page-95), Embrace Boredom (Page-155), Quir Social Media (Page-181), Drain the Shallows (Page-215). |
| 650 ## - SUBJECT ADDED ENTRY--TOPICAL TERM | |
| Topical term or geographic name entry element | Work Deeply |
| 9 (RLIN) | 134407 |
| 651 ## - SUBJECT ADDED ENTRY--GEOGRAPHIC NAME | |
| Source of heading or term | Quit Social Media |
| 942 ## - ADDED ENTRY ELEMENTS (KOHA) | |
| Source of classification or shelving scheme | |
| Koha item type | Book |
| Call number prefix | 650.1,NEW |
| Withdrawn status | Lost status | Source of classification or shelving scheme | Damaged status | Not for loan | Permanent Location | Current Location | Shelving location | Date acquired | Total Checkouts | Full call number | Barcode | Date last seen | Price effective from | Koha item type |
|---|---|---|---|---|---|---|---|---|---|---|---|---|---|---|
| Military College of Signals (MCS) | Military College of Signals (MCS) | General Stacks | 05/12/2026 | 650.1,NEW | MCS39010 | 05/12/2026 | 05/12/2026 | Book |
